| 000 | 00687nam a2200193Ii 4500 | ||
|---|---|---|---|
| 003 | JO-AjNU | ||
| 008 | 230605s9999||||xx |||||||||||||| ||und|| | ||
| 040 |
_aJO-AjNU _bara _erda _cJO-AjNU |
||
| 041 | _aara | ||
| 050 | 1 | 4 | _aBPp166.79.I2626 1990 |
| 100 | 3 |
_aابن قيم الجوزية، أبي عبدالله محمد بن أبي بكر الزرعي؛ تحقيق صابر البطاوي, _eauthor _936215 |
|
| 245 | 0 | 0 | _aكتاب التوبة |
| 264 | 3 | 1 | _aد.م: مكتبة السنة، 1990 |
| 300 | _a263ص | ||
| 336 |
_atext _btxt _2rdacontent |
||
| 337 |
_aunmediated _bn _2rdamedia |
||
| 338 |
_avolume _bnc _2rdacarrier |
||
| 650 | 4 |
_aالتوبة- تصوف اسلامي _936216 |
|
| 999 |
_aA15026 _c18594 _d18594 |
||